000 01246cam a2200301 a 4500
999 _c129738
_d129738
001 14338064
003 ARRUPE
005 20190823144741.0
008 060412s2006 nyu d 000 0 eng
010 _a 2006925696
020 _a9780764133305
020 _a0764133306
040 _aDLC
_cDLC
_dDLC
041 0 _aeng
_afre
042 _apcc
050 0 0 _aPC-2640-1
082 0 0 _a443/.21
_222
245 0 0 _aCassell's French-English dictionary =
_bDictionnaire français anglais.
246 3 0 _aDictionnaire français anglais
260 _aHauppauge, NY :
_bBarron's Educational Series,
_cc2006.
300 _aviii,1307 p. ;
_c23 cm.
490 0 _aBarron's foreign language guides
500 _a"Bonus feature: free electronic dictionary available for download"--Cover. Computer device bound in at back of book.
650 0 _aFrench language
_vDictionaries
_xEnglish.
_941116
650 0 _aEnglish language
_vDictionaries
_xFrench.
_941117
856 4 2 _3Publisher description
_uhttp://www.loc.gov/catdir/enhancements/fy0634/2006925696-d.html
906 _a7
_bcbc
_corignew
_d2
_eepcn
_f20
_gy-gencatlg
942 _2lcc
_cMONOGRAPH